O historismu a dějepisectví

Hlavní autor: Marek, Jaroslav, 1926-2011
Jazyk: Čeština
Vydáno: Praha : Academia, 1992
Vydání: 1.vyd.
Témata:
Externí odkaz: Digitalizovan dokument
Fyzický popis: 254 s.
Knihy
Uloženo v:
LEADER 01789nam a2200433 a 4500
001 000025710
003 CZ BrMZK
005 20250217135234.0
007 ta
008 950707s1992 xr f 0 cze d
015 |a cnb000071106 
020 |a 80-200-0284-7 
040 |a BOA001  |b cze 
072 7 |a 930  |x Historická věda. Pomocné vědy historické. Archivnictví  |2 Konspekt  |9 8 
080 |a 930.1  |2 MRF 
080 |a 930  |2 MRF 
080 |a (048.8)  |2 MRF 
100 1 |a Marek, Jaroslav,  |d 1926-2011  |7 jn99240000674 
245 1 0 |a O historismu a dějepisectví 
250 |a 1.vyd. 
260 |a Praha :  |b Academia,  |c 1992 
300 |a 254 s. 
650 0 7 |a historismus  |7 ph120739  |2 czenas 
650 0 7 |a historiografie  |7 ph114672  |2 czenas 
650 0 9 |a historicism  |2 eczenas 
650 0 9 |a historiography  |2 eczenas 
655 7 |a monografie  |7 fd132842  |2 czenas 
655 9 |a monographs  |2 eczenas 
856 4 1 |u http://www.digitalniknihovna.cz/mzk/uuid/uuid:5a01a950-b664-11e3-b833-005056827e52  |y Digitalizovan dokument  |x NDK 
910 |a BOA001  |b PK-0117.117  |b 2-0982.664 
920 |a 000082286 
990 |a BK 
991 |f 930 MAR 
996 6 |b 2619958174  |c 2-0982.664  |l MZK  |r Sklad / do 1 hodiny  |n 77  |w 000025710  |u 000070  |a 1  |e BOA001  |j MZK50  |s P 
996 7 |b 2619966235  |c 2-0982.664  |l MZK  |r Sklad / do 1 hodiny  |n 89  |w 000025710  |u 000050  |a 1  |e BOA001  |j MZK50  |s A 
996 7 |b 3119940384  |c PK-0117.117  |l Vol.výběr  |r VV 1p  |n 47  |h 930 MAR  |w 000025710  |u 000040  |a 0  |e BOA001  |j MZK50  |s A 
996 7 |b 3119976604  |c PK-0117.117  |l Vol.výběr  |r VV 1p  |n 38  |h 930 MAR  |w 000025710  |u 000030  |a 0  |e BOA001  |j MZK50  |s A 
996 7 |b 3119976655  |c PK-0117.117  |l Vol.výběr  |r VV 1p  |n 35  |h 930 MAR  |w 000025710  |u 000020  |a 0  |e BOA001  |j MZK50  |s A 
996 7 |b 3119994970  |c PK-0117.117  |l Vol.výběr  |r VV 1p  |n 53  |h 930 MAR  |w 000025710  |u 000010  |a 0  |e BOA001  |j MZK50  |s A